[Event "35t. Copenhagen Open (Politiken Cup)"]
[Site "Elsinore"]
[Date "2013.08.03"]
[Round "9"]
[White "Evertsson, Lennart"]
[Black "Preuss, Flemming"]
[Result "1-0"]
[WhiteElo "2200"]
[BlackElo "1994"]
[PlyCount "47"]
[EventDate "2013.07.27"]
[EventType "swiss"]
[EventRounds "10"]
[EventCountry "DEN"]
[Source "ChessBase"]
[SourceDate "2013.08.26"]

1. Nf3 f5 2. c4 Nf6 3. Nc3 g6 4. e4 Nxe4 5. Nxe4 fxe4 6. Ng5 e5 7. Nxe4 Nc6 8.
h4 d6 9. d3 Bf5 10. Be3 Bg7 11. h5 Bxe4 12. dxe4 Nd4 13. Be2 c5 14. Qd2 Qe7 15.
Bg4 Bf6 16. O-O-O Kd8 17. hxg6 hxg6 18. Qa5+ b6 19. Qa6 Kc7 20. Rxh8 Bxh8 21.
Rh1 Bf6 22. Kb1 Nc6 23. a3 Nb8 24. Qc8# 1-0

[Event "35t. Copenhagen Open (Politiken Cup)"]
[Site "Elsinore"]
[Date "2013.08.03"]
[Round "9"]
[White "Fossan, Petter"]
[Black "Tari, Aryan"]
[Result "0-1"]
[WhiteElo "2245"]
[BlackElo "2383"]
[PlyCount "97"]
[EventDate "2013.07.27"]
[EventType "swiss"]
[EventRounds "10"]
[EventCountry "DEN"]
[Source "ChessBase"]
[SourceDate "2013.08.26"]

1. e4 c5 2. Nf3 g6 3. d4 cxd4 4. Nxd4 Nc6 5. Nc3 Bg7 6. Be3 Nf6 7. Bc4 O-O 8.
Bb3 a5 9. f3 d5 10. Bxd5 Nxd5 11. Nxd5 e6 12. Nxc6 bxc6 13. Nb6 Rb8 14. Qxd8
Rxd8 15. Rd1 Ba6 16. b3 Rxd1+ 17. Kxd1 f5 18. c4 f4 19. Bf2 a4 20. Kc2 axb3+
21. axb3 Rd8 22. Rd1 Rxd1 23. Kxd1 Kf7 24. Kd2 g5 25. Kd3 h5 26. Bd4 e5 27. Bc5
g4 28. Kc3 Bf6 29. Na4 Bc8 30. b4 g3 31. h3 Be7 32. Bg1 Ke6 33. Kb3 Kd7 34. Nb2
Kc7 35. Nd3 Bf6 36. Bc5 Bd7 37. Ka4 Be6 38. Nb2 Bd8 39. b5 Kb7 40. Kb4 cxb5 41.
cxb5 Bxh3 42. Nc4 Bxg2 43. Nd6+ Kb8 44. b6 Bf1 45. Nf5 Kb7 46. Nd6+ Kc6 47. b7
Bc7 48. Kc3 h4 49. Nf5 0-1

[Event "35t. Copenhagen Open (Politiken Cup)"]
[Site "Elsinore"]
[Date "2013.08.03"]
[Round "9"]
[White "Grant, Jonathan"]
[Black "Nilssen, John Arni"]
[Result "0-1"]
[WhiteElo "2235"]
[BlackElo "2353"]
[PlyCount "62"]
[EventDate "2013.07.27"]
[EventType "swiss"]
[EventRounds "10"]
[EventCountry "DEN"]
[Source "ChessBase"]
[SourceDate "2013.08.26"]

1. c4 e6 2. Nc3 d5 3. d4 c6 4. e3 Bd6 5. Nf3 f5 6. Bd3 Nf6 7. b3 Ne4 8. Bb2 Bb4
9. Rc1 Qe7 10. O-O Nd7 11. Ne2 Bd6 12. Ne5 O-O 13. f3 Ng5 14. Qc2 Nf6 15. Ng3
Bd7 16. e4 fxe4 17. fxe4 Bxe5 18. dxe5 Qc5+ 19. Qf2 Nfxe4 20. Qxc5 Nxc5 21. Bb1
Rxf1+ 22. Kxf1 b6 23. Bd4 Na6 24. h4 Nf7 25. cxd5 cxd5 26. Bd3 Nb4 27. Rc7 Be8
28. Bb1 Nc6 29. Bb2 Nfxe5 30. b4 b5 31. Nh5 Bxh5 0-1

[Event "35t. Copenhagen Open (Politiken Cup)"]
[Site "Elsinore"]
[Date "2013.08.03"]
[Round "9"]
[White "Green, Per"]
[Black "Percivaldi, Martin"]
[Result "0-1"]
[WhiteElo "1967"]
[BlackElo "2178"]
[PlyCount "106"]
[EventDate "2013.07.27"]
[EventType "swiss"]
[EventRounds "10"]
[EventCountry "DEN"]
[Source "ChessBase"]
[SourceDate "2013.08.26"]

1. Nf3 d5 2. d4 Nf6 3. c4 c6 4. e3 Bf5 5. Nc3 a6 6. a4 e6 7. Nh4 Be4 8. f3 Bg6
9. Nxg6 hxg6 10. g3 Qc7 11. f4 Nbd7 12. Bd2 dxc4 13. e4 c5 14. Be3 cxd4 15.
Qxd4 Rc8 16. Be2 Bc5 17. Qd2 Bb4 18. Bf3 Nc5 19. Bxc5 Qxc5 20. Qf2 Qa5 21. Qc2
Qb6 22. Ke2 Rd8 23. Rad1 Ke7 24. Rxd8 Rxd8 25. Rd1 Rxd1 26. Qxd1 Bxc3 27. bxc3
Qb2+ 28. Qd2 Qxd2+ 29. Kxd2 Nd7 30. Ke3 Kd6 31. e5+ Kc7 32. Kd4 b5 33. axb5
axb5 34. Be4 Kb6 35. g4 Nc5 36. Bc2 Nb3+ 37. Ke3 Kc5 38. h4 b4 39. cxb4+ Kxb4
40. f5 gxf5 41. gxf5 exf5 42. Bxf5 c3 43. h5 Nc5 44. Bc2 Ka3 45. Kd4 Kb2 46.
Bf5 Ne6+ 47. Kd5 Nf4+ 48. Kd6 Nxh5 49. Ke7 Nf4 50. Kxf7 g5 51. Kf6 g4 52. Kg5
g3 53. Kxf4 g2 0-1

[Event "35t. Copenhagen Open (Politiken Cup)"]
[Site "Elsinore"]
[Date "2013.08.03"]
[Round "9"]
[White "Greeuw, Sietske"]
[Black "Greibrokk, Ingrid Andrea"]
[Result "1-0"]
[WhiteElo "1971"]
[BlackElo "1598"]
[PlyCount "177"]
[EventDate "2013.07.27"]
[EventType "swiss"]
[EventRounds "10"]
[EventCountry "DEN"]
[Source "ChessBase"]
[SourceDate "2013.08.26"]

1. e4 c5 2. Nf3 d6 3. d4 cxd4 4. Nxd4 Nf6 5. Nc3 g6 6. Be2 Bg7 7. O-O O-O 8.
Re1 Nc6 9. Nb3 Bd7 10. Bf1 Rc8 11. Bg5 a6 12. Nd5 Nxd5 13. exd5 Ne5 14. c3 f6
15. Be3 b5 16. Qd2 Ng4 17. Bd4 Bh6 18. f4 f5 19. h3 Nf6 20. Bxf6 Rxf6 21. Nd4
Rf7 22. Ne6 Bxe6 23. Rxe6 Bg7 24. Qe3 Qc7 25. Kh1 Bf6 26. g4 fxg4 27. hxg4 Qc5
28. Rd1 Qxe3 29. Rxe3 g5 30. f5 Rc5 31. a4 bxa4 32. Bxa6 a3 33. bxa3 Bxc3 34.
Rc1 Bd4 35. Rxc5 Bxc5 36. Rb3 Rf8 37. a4 Ra8 38. Bb5 Ra7 39. Kg2 Kg7 40. Kf3
Kf6 41. Ke4 Kf7 42. Bc6 Kg7 43. Rb1 Kf6 44. Rh1 Kg7 45. Ra1 Ra5 46. Kd3 Kf6 47.
Kc4 Kg7 48. Re1 Kf6 49. Rh1 Kg7 50. Rh5 h6 51. Rh1 Ba3 52. Re1 Kf6 53. Kb3 Bc5
54. Re6+ Kf7 55. Rxh6 Be3 56. Rh7+ Kf6 57. Rh6+ Kf7 58. Bd7 Ra7 59. Be6+ Kg7
60. Rg6+ Kh7 61. Rg8 Rb7+ 62. Kc4 Ra7 63. Kb5 Rb7+ 64. Kc6 Ra7 65. Re8 Bc5 66.
Kb5 Rb7+ 67. Kc4 Ra7 68. a5 Rc7 69. Kb5 Rb7+ 70. Kc6 Ra7 71. Bc8 Rxa5 72. Rxe7+
Kh6 73. Re6+ Kh7 74. Rg6 Ra8 75. Bb7 Rg8 76. Re6 Rg7 77. f6 Rf7 78. Ba6 Kg6 79.
Bd3+ Kh6 80. Re7 Rxe7 81. fxe7 Kg7 82. e8=Q Bb4 83. Qg6+ Kf8 84. Qh7 Bc3 85.
Qd7 Bf6 86. Bg6 Be7 87. Qe8+ Kg7 88. Qf7+ Kh8 89. Qh7# 1-0

[Event "35t. Copenhagen Open (Politiken Cup)"]
[Site "Elsinore"]
[Date "2013.08.03"]
[Round "9"]
[White "Halkias, Stelios"]
[Black "Teplyi, Igor"]
[Result "1/2-1/2"]
[WhiteElo "2565"]
[BlackElo "2409"]
[PlyCount "37"]
[EventDate "2013.07.27"]
[EventType "swiss"]
[EventRounds "10"]
[EventCountry "DEN"]
[Source "ChessBase"]
[SourceDate "2013.08.26"]

1. c4 c5 2. Nf3 Nc6 3. Nc3 g6 4. e3 Nf6 5. d4 cxd4 6. exd4 d5 7. cxd5 Nxd5 8.
Qb3 Nxc3 9. Bc4 Nd5 10. Bxd5 e6 11. Bxc6+ bxc6 12. O-O Be7 13. Bh6 f6 14. Rfe1
Qd5 15. h4 Kf7 16. Qxd5 exd5 17. Rac1 Bd7 18. Bf4 a5 19. Re2 1/2-1/2

[Event "35t. Copenhagen Open (Politiken Cup)"]
[Site "Elsinore"]
[Date "2013.08.03"]
[Round "9"]
[White "Hansen, Alex Mehr"]
[Black "Carnstam, Tomas"]
[Result "0-1"]
[WhiteElo "1953"]
[BlackElo "2052"]
[PlyCount "82"]
[EventDate "2013.07.27"]
[EventType "swiss"]
[EventRounds "10"]
[EventCountry "DEN"]
[Source "ChessBase"]
[SourceDate "2013.08.26"]

1. e4 g6 2. d4 Bg7 3. g3 c6 4. c3 d5 5. e5 h5 6. Bd3 Nh6 7. Nf3 Nf5 8. Bg5 Qb6
9. Qc2 c5 10. Nbd2 cxd4 11. cxd4 Nc6 12. Bxf5 Bxf5 13. Qc3 Rc8 14. Qb3 Qxb3 15.
axb3 Nb4 16. O-O a6 17. Rfc1 Kd7 18. Rc3 Nd3 19. Nh4 Nxb2 20. Rac1 Bd3 21. Rxc8
Rxc8 22. Rxc8 Kxc8 23. Bxe7 Bh6 24. f4 Nd1 25. Nhf3 Kd7 26. Bc5 Nc3 27. Kf2
Ne4+ 28. Nxe4 Bxe4 29. Nd2 Bc2 30. b4 g5 31. Ke3 gxf4+ 32. gxf4 Ke6 33. Nf1 Kf5
34. Ng3+ Kg4 35. Ne2 Bd1 36. Bd6 Bxe2 37. e6 fxe6 38. Kxe2 Bxf4 39. h3+ Kf5 40.
Be7 Ke4 41. Bf6 Be3 0-1

[Event "35t. Copenhagen Open (Politiken Cup)"]
[Site "Elsinore"]
[Date "2013.08.03"]
[Round "9"]
[White "Hansen, Ole Foss"]
[Black "Szucs, Michell Daniel"]
[Result "1-0"]
[WhiteElo "1779"]
[BlackElo "1504"]
[PlyCount "101"]
[EventDate "2013.07.27"]
[EventType "swiss"]
[EventRounds "10"]
[EventCountry "DEN"]
[Source "ChessBase"]
[SourceDate "2013.08.26"]

1. d4 Nf6 2. c4 e6 3. Nf3 b6 4. g3 Bb7 5. Bg2 Be7 6. O-O O-O 7. Nc3 c5 8. d5
exd5 9. Nh4 Qc8 10. Nf5 Re8 11. Nb5 Qc6 12. Bf4 Na6 13. Qd3 Nb4 14. Qe3 Bd8 15.
Qd2 Ne4 16. Qc1 a6 17. Nbd6 Nxd6 18. Nxd6 Rxe2 19. Re1 Rxe1+ 20. Qxe1 Bf6 21.
Qe2 g5 22. Be5 Qc7 23. f4 h6 24. a3 Nc6 25. cxd5 Nxe5 26. fxe5 Bg7 27. Rf1 Rf8
28. Qe4 f6 29. Nxb7 Qxb7 30. e6 dxe6 31. Qxe6+ Kh8 32. d6 Qf7 33. Qf5 Rd8 34.
Rd1 Bf8 35. Bd5 Qd7 36. Be6 Qg7 37. d7 Be7 38. g4 Bf8 39. Qe4 Qe7 40. Qc6 Rb8
41. Kf2 a5 42. Bf5 Qe5 43. d8=Q Rxd8 44. Rxd8 Qxb2+ 45. Ke1 Qa1+ 46. Ke2 Qe5+
47. Qe4 Qxh2+ 48. Kd3 Qg3+ 49. Kc4 b5+ 50. Kxb5 Qb3+ 51. Kc6 1-0

[Event "35t. Copenhagen Open (Politiken Cup)"]
[Site "Elsinore"]
[Date "2013.08.03"]
[Round "9"]
[White "Hansen, Victor"]
[Black "Brondt, Nicolai Kvist"]
[Result "0-1"]
[WhiteElo "2089"]
[BlackElo "2180"]
[PlyCount "160"]
[EventDate "2013.07.27"]
[EventType "swiss"]
[EventRounds "10"]
[EventCountry "DEN"]
[Source "ChessBase"]
[SourceDate "2013.08.26"]

1. e4 c6 2. d4 d5 3. exd5 cxd5 4. Bf4 Nc6 5. c3 Bf5 6. Nf3 a6 7. Bd3 Bxd3 8.
Qxd3 Nf6 9. Nbd2 e6 10. O-O Bd6 11. Bxd6 Qxd6 12. Rfe1 O-O 13. Ne5 Rac8 14. f4
Ne7 15. g3 Rc7 16. a4 Qb6 17. b4 Rfc8 18. a5 Qa7 19. Rec1 Ne4 20. Nxe4 dxe4 21.
Qd2 f6 22. Ng4 Nd5 23. f5 exf5 24. Ne3 Nxc3 25. Kg2 g6 26. d5 Nb5 27. d6 Rxc1
28. Rxc1 Rd8 29. d7 Qd4 30. Qxd4 Nxd4 31. Rc7 Kf7 32. Rxb7 Ke7 33. Nd5+ Ke6 34.
Nc7+ Kd6 35. Nxa6 Rxd7 36. Rb6+ Ke5 37. Nc5 Re7 38. a6 e3 39. Rb7 Re8 40. a7
Nc6 41. Kf1 Ra8 42. b5 Nxa7 43. Nd7+ Ke4 44. Nb6 Rd8 45. Rxa7 Rd1+ 46. Ke2 Rd2+
47. Ke1 Rxh2 48. Nc4 Kd3 49. Nxe3 Kxe3 50. Ra3+ Kd4 51. Rb3 Ra2 52. b6 Ra8 53.
Ke2 Kc5 54. Re3 Kd6 55. Rd3+ Kc6 56. Re3 Kxb6 57. Re6+ Kc5 58. Rxf6 Ra7 59. Kf3
Kd5 60. Rb6 Ke5 61. Rb5+ Kf6 62. Rb6+ Kg5 63. Rb3 Rc7 64. Ra3 Rc4 65. Rb3 Ra4
66. Rc3 h5 67. Rb3 h4 68. gxh4+ Rxh4 69. Kg3 f4+ 70. Kg2 Kg4 71. Rb4 g5 72. Ra4
Rh8 73. Rb4 Ra8 74. Rb2 Ra3 75. Kh2 Rh3+ 76. Kg2 f3+ 77. Kg1 Rh8 78. Ra2 Re8
79. Kf1 Kg3 80. Rb2 g4 0-1

[Event "35t. Copenhagen Open (Politiken Cup)"]
[Site "Elsinore"]
[Date "2013.08.03"]
[Round "9"]
[White "Haugli, Petter"]
[Black "Kristensen, Kjell Ole"]
[Result "1-0"]
[WhiteElo "2287"]
[BlackElo "2141"]
[PlyCount "82"]
[EventDate "2013.07.27"]
[EventType "swiss"]
[EventRounds "10"]
[EventCountry "DEN"]
[Source "ChessBase"]
[SourceDate "2013.08.26"]

1. Nf3 c5 2. c4 Nc6 3. g3 g6 4. Bg2 Bg7 5. Nc3 d6 6. O-O e5 7. d3 Nge7 8. Ne1
O-O 9. Nc2 Rb8 10. Rb1 h6 11. b4 Kh7 12. bxc5 dxc5 13. Ne3 b6 14. Ned5 f5 15.
Nxe7 Nxe7 16. a4 Bb7 17. Bxb7 Rxb7 18. a5 e4 19. Na4 Rd7 20. axb6 axb6 21. Rxb6
exd3 22. Nxc5 dxe2 23. Qxe2 Rd6 24. Rb5 Nc6 25. Ne6 Re8 26. Nxd8 Rxe2 27. Nxc6
Rxc6 28. c5 g5 29. Be3 Be5 30. Rb7+ Kg6 31. Re7 Kf6 32. Re8 Rc2 33. f4 gxf4 34.
gxf4 Bb2 35. Rf2 Rxf2 36. Kxf2 Ba3 37. Bd4+ Kf7 38. Re5 Kg6 39. Ke2 Ra6 40. Rd5
Bc1 41. Be5 Ra4 1-0

[Event "35t. Copenhagen Open (Politiken Cup)"]
[Site "Elsinore"]
[Date "2013.08.03"]
[Round "9"]
[White "Heimisson, Hilmir Freyr"]
[Black "Stray, Gunnar"]
[Result "0-1"]
[WhiteElo "1690"]
[BlackElo "2056"]
[PlyCount "122"]
[EventDate "2013.07.27"]
[EventType "swiss"]
[EventRounds "10"]
[EventCountry "DEN"]
[Source "ChessBase"]
[SourceDate "2013.08.26"]

1. e4 c5 2. Nc3 Nc6 3. f4 g6 4. Nf3 Bg7 5. Bb5 Nd4 6. O-O Nxb5 7. Nxb5 a6 8.
Nc3 e6 9. f5 d6 10. d3 h6 11. fxg6 fxg6 12. Qe1 g5 13. Qg3 Qe7 14. h4 Bd7 15.
hxg5 O-O-O 16. Nh4 Bd4+ 17. Be3 Qxg5 18. Rf3 Ne7 19. Bxd4 cxd4 20. Ne2 e5 21.
Qf2 Bg4 22. c3 Bxf3 23. Nxf3 Qe3 24. cxd4 Qxf2+ 25. Kxf2 Rdf8 26. Ke3 Nc6 27.
d5 Ne7 28. d4 Ng6 29. Nd2 Kd7 30. Nc4 b5 31. Na5 exd4+ 32. Nxd4 Ne5 33. Nf5 Rc8
34. Nb7 Nf7 35. a4 b4 36. Na5 Rc2 37. b3 Re8 38. Nd4 Rc3+ 39. Kf4 Ng5 40. Re1
Rf8+ 41. Nf5 Rc2 42. Nc4 Nf7 43. a5 Rc3 44. Rb1 Rg8 45. Rb2 h5 46. Nfe3 Ke7 47.
g4 Ne5 48. Rg2 Ng6+ 49. Kg5 hxg4 50. Nf5+ Kd7 51. Ncxd6 Nh4+ 52. Kf6 Nxg2 53.
e5 Rf8+ 54. Kg7 Rxf5 55. Nxf5 Nf4 56. Kf7 Nxd5 57. e6+ Kc7 58. Nd4 g3 59. Ne2
g2 60. Nf4 Rf3 61. Ke8 Nxf4 0-1

[Event "35t. Copenhagen Open (Politiken Cup)"]
[Site "Elsinore"]
[Date "2013.08.03"]
[Round "9"]
[White "Helin, Mikael"]
[Black "Bratteteig, Tore Inge"]
[Result "1-0"]
[WhiteElo "1910"]
[BlackElo "1692"]
[PlyCount "51"]
[EventDate "2013.07.27"]
[EventType "swiss"]
[EventRounds "10"]
[EventCountry "DEN"]
[Source "ChessBase"]
[SourceDate "2013.08.26"]

1. e4 c6 2. d4 d5 3. f3 e6 4. a3 Nf6 5. Nc3 Be7 6. Be3 O-O 7. b4 b5 8. e5 Ne8
9. Bd3 a5 10. Na2 Na6 11. c3 a4 12. h4 f5 13. g3 g6 14. Nh3 Ng7 15. Bh6 Re8 16.
Ng5 Ra7 17. g4 Bf8 18. Qd2 Be7 19. O-O-O Nb8 20. h5 Bxg5 21. Bxg5 Qc7 22. Bf6
Kf7 23. Bxg7 Kxg7 24. hxg6 hxg6 25. Qh6+ Kg8 26. Qh8+ 1-0

[Event "35t. Copenhagen Open (Politiken Cup)"]
[Site "Elsinore"]
[Date "2013.08.03"]
[Round "9"]
[White "Henrichsen, Jens"]
[Black "Petersen, Peter Birk"]
[Result "1/2-1/2"]
[WhiteElo "1937"]
[BlackElo "2155"]
[PlyCount "64"]
[EventDate "2013.07.27"]
[EventType "swiss"]
[EventRounds "10"]
[EventCountry "DEN"]
[Source "ChessBase"]
[SourceDate "2013.08.26"]

1. d4 g6 2. c4 Bg7 3. Nc3 d6 4. e4 e5 5. dxe5 dxe5 6. Be3 Nd7 7. h3 Ne7 8. g4
O-O 9. Qd2 Nf6 10. O-O-O Qxd2+ 11. Rxd2 c6 12. Nf3 Nd7 13. g5 Re8 14. h4 Nf8
15. Be2 Ne6 16. Rhd1 Nf4 17. Rd8 Bg4 18. Rxe8+ Rxe8 19. Ng1 Be6 20. Bxa7 Nc8
21. Be3 Ng2 22. Bd2 Nxh4 23. Na4 b6 24. Be3 c5 25. Kc2 Ng2 26. Bc1 Nf4 27. Bf1
h5 28. gxh6 Bxh6 29. Nc3 Kg7 30. Nd5 Bxd5 31. cxd5 Nd6 32. f3 f5 1/2-1/2

[Event "35t. Copenhagen Open (Politiken Cup)"]
[Site "Elsinore"]
[Date "2013.08.03"]
[Round "9"]
[White "Hinrichs, Lars"]
[Black "Hansen, Ib Lynaes"]
[Result "1-0"]
[WhiteElo "1997"]
[BlackElo "1895"]
[PlyCount "37"]
[EventDate "2013.07.27"]
[EventType "swiss"]
[EventRounds "10"]
[EventCountry "DEN"]
[Source "ChessBase"]
[SourceDate "2013.08.26"]

1. e4 e5 2. Nf3 Nc6 3. Bc4 Be7 4. d4 exd4 5. c3 dxc3 6. Qd5 Nh6 7. Bxh6 O-O 8.
Bxg7 Kxg7 9. Nxc3 d6 10. Qh5 Be6 11. Bxe6 fxe6 12. Qg4+ Kf7 13. h4 Bf6 14. Ng5+
Bxg5 15. hxg5 Rh8 16. Rh6 Nd4 17. O-O-O c5 18. g6+ hxg6 19. Qxg6+ 1-0

[Event "35t. Copenhagen Open (Politiken Cup)"]
[Site "Elsinore"]
[Date "2013.08.03"]
[Round "9"]
[White "Jacobsen, Caroline Beer"]
[Black "Standal, Bard"]
[Result "1/2-1/2"]
[WhiteElo "1585"]
[BlackElo "1807"]
[PlyCount "24"]
[EventDate "2013.07.27"]
[EventType "swiss"]
[EventRounds "10"]
[EventCountry "DEN"]
[Source "ChessBase"]
[SourceDate "2013.08.26"]

1. c4 Nf6 2. g3 g6 3. Bg2 Bg7 4. e4 e5 5. d3 d6 6. Ne2 O-O 7. Nbc3 Nc6 8. O-O
Bd7 9. h3 a6 10. Be3 Nh5 11. Rb1 Nd4 12. h4 Qc8 1/2-1/2

[Event "35t. Copenhagen Open (Politiken Cup)"]
[Site "Elsinore"]
[Date "2013.08.03"]
[Round "9"]
[White "Jacobsen, Fredrik Beer"]
[Black "Marder, Simon"]
[Result "1/2-1/2"]
[WhiteElo "1935"]
[BlackElo "2049"]
[PlyCount "120"]
[EventDate "2013.07.27"]
[EventType "swiss"]
[EventRounds "10"]
[EventCountry "DEN"]
[Source "ChessBase"]
[SourceDate "2013.08.26"]

1. e4 d5 2. exd5 Qxd5 3. Nc3 Qa5 4. d4 Nf6 5. Bc4 c6 6. Bd2 Qb6 7. Bc1 Bf5 8.
Nf3 e6 9. Qe2 Nbd7 10. O-O Be7 11. Bb3 h6 12. Re1 O-O 13. Nh4 Bh7 14. Be3 Qc7
15. g3 Bd6 16. f4 a6 17. f5 exf5 18. Qf3 Rfe8 19. Nxf5 Bxf5 20. Qxf5 c5 21. Nd5
Nxd5 22. Bxd5 Nf6 23. Bg2 Re6 24. Bxh6 Rae8 25. Rxe6 Rxe6 26. Bxg7 Kxg7 27.
Qg5+ Kh8 28. d5 Nh7 29. Qh4 Be7 30. Qh5 Qe5 31. Qxf7 Rf6 32. Qe8+ Rf8 33. Qd7
Nf6 34. Qh3+ Kg7 35. Rf1 Qe3+ 36. Kh1 Rh8 37. Qe6 Qxe6 38. dxe6 b6 39. g4 Bd6
40. h3 Nxg4 41. Rf7+ Kg8 42. Rd7 Be5 43. Rd8+ Kh7 44. Rxh8+ Kxh8 45. hxg4 Kg7
46. b3 Kf6 47. Bd5 Bd6 48. Kg2 Ke5 49. Bb7 a5 50. Bc8 Kf4 51. Kf2 Be7 52. Ke2
Ke4 53. a4 Kd4 54. Kf3 Ke5 55. Ke3 Bg5+ 56. Kd3 Kd5 57. c3 Bf6 58. Ke3 Ke5 59.
c4 Bg5+ 60. Kf3 Be7 1/2-1/2

[Event "35t. Copenhagen Open (Politiken Cup)"]
[Site "Elsinore"]
[Date "2013.08.03"]
[Round "9"]
[White "Jacobsen, Mikkel Manosri"]
[Black "Kyrkjebo, Hanna Bakken"]
[Result "1-0"]
[WhiteElo "1928"]
[BlackElo "1577"]
[PlyCount "143"]
[EventDate "2013.07.27"]
[EventType "swiss"]
[EventRounds "10"]
[EventCountry "DEN"]
[Source "ChessBase"]
[SourceDate "2013.08.26"]

1. d4 d5 2. Bf4 Nf6 3. e3 e6 4. Nf3 c5 5. c3 Bd6 6. Bg3 Nc6 7. Bd3 O-O 8. Nbd2
Qe7 9. Ne5 Nd7 10. f4 f6 11. Bh4 Qe8 12. Nxc6 bxc6 13. O-O e5 14. fxe5 fxe5 15.
Rxf8+ Qxf8 16. Qh5 e4 17. Nxe4 g6 18. Qg5 dxe4 19. Bc4+ Kg7 20. Rf1 Qe8 21.
Rf7+ Qxf7 22. Bxf7 Kxf7 23. dxc5 Bxc5 24. Qf4+ Kg7 25. b4 Bf8 26. Qxe4 Nb6 27.
Qxc6 Bd7 28. Qf6+ Kg8 29. Qd4 Bg7 30. Bf6 Bxf6 31. Qxf6 Rf8 32. Qe5 Re8 33. Qd4
Be6 34. a4 Bf7 35. a5 Nd5 36. e4 Nf4 37. Kf2 a6 38. e5 Nd5 39. Qc4 Rxe5 40.
Qxa6 Rf5+ 41. Ke1 Ne3 42. Qc8+ Kg7 43. g4 Re5 44. Kd2 Nc4+ 45. Kc2 Re2+ 46. Kd1
Ra2 47. g5 Ne3+ 48. Ke1 Bc4 49. Qd7+ Kf8 50. Qd8+ Kf7 51. Qf6+ Kg8 52. Qd8+ Kg7
53. Qc7+ Kf8 54. Qc5+ Kg7 55. Qxe3 Ra1+ 56. Kf2 Ra2+ 57. Kg3 Bf7 58. Qd4+ Kg8
59. c4 Rc2 60. c5 Be8 61. a6 Ra2 62. Qd5+ Bf7 63. Qd8+ Kg7 64. Qf6+ Kg8 65. b5
Ra3+ 66. Kf4 Be8 67. Qd8 Kf8 68. c6 Rc3 69. Qf6+ Bf7 70. Qxc3 Ke8 71. Ke5 Kd8
72. Kd6 1-0

[Event "35t. Copenhagen Open (Politiken Cup)"]
[Site "Elsinore"]
[Date "2013.08.03"]
[Round "9"]
[White "Jacobsen, Per"]
[Black "Rendlev, Niels Moller"]
[Result "1-0"]
[WhiteElo "1641"]
[BlackElo "1843"]
[PlyCount "71"]
[EventDate "2013.07.27"]
[EventType "swiss"]
[EventRounds "10"]
[EventCountry "DEN"]
[Source "ChessBase"]
[SourceDate "2013.08.26"]

1. b3 e5 2. Bb2 d6 3. e3 Nf6 4. Nf3 g6 5. Be2 Bg7 6. O-O O-O 7. d4 e4 8. Nfd2
d5 9. c4 c6 10. Nc3 Ne8 11. Ba3 f5 12. Bxf8 Bxf8 13. cxd5 cxd5 14. Nxd5 Be6 15.
Nf4 Bf7 16. Bc4 Nd6 17. Bxf7+ Nxf7 18. d5 Nd7 19. Ne6 Qe7 20. Rc1 Ng5 21. Nxg5
Qxg5 22. Rc7 Nc5 23. Qc2 b6 24. d6 Qf6 25. Qc4+ Kh8 26. d7 Rd8 27. Qd4 Qxd4 28.
exd4 Rxd7 29. Rxd7 Nxd7 30. Nc4 Bg7 31. d5 Nc5 32. Nd6 Nd3 33. Nc8 Bd4 34. Nxa7
Kg8 35. d6 Ne5 36. Rd1 1-0

[Event "35t. Copenhagen Open (Politiken Cup)"]
[Site "Elsinore"]
[Date "2013.08.03"]
[Round "9"]
[White "Jarlnaes, Erik"]
[Black "Tryggestad, Andreas Garberg"]
[Result "0-1"]
[WhiteElo "1961"]
[BlackElo "1774"]
[PlyCount "78"]
[EventDate "2013.07.27"]
[EventType "swiss"]
[EventRounds "10"]
[EventCountry "DEN"]
[Source "ChessBase"]
[SourceDate "2013.08.26"]

1. e4 c5 2. Nf3 e6 3. c3 d5 4. exd5 exd5 5. d4 Nc6 6. Be2 Qb6 7. O-O cxd4 8.
Nxd4 Nxd4 9. Qxd4 Qxd4 10. cxd4 Bd6 11. Bb5+ Bd7 12. Re1+ Ne7 13. Bxd7+ Kxd7
14. Nc3 a6 15. a3 b5 16. Be3 Rhc8 17. Kf1 Rc4 18. Ke2 Rac8 19. Kd3 Bc7 20. Rec1
Ba5 21. Ne2 Nf5 22. b3 Rxc1 23. Rxc1 Rxc1 24. Bxc1 Bc7 25. g3 Bd6 26. a4 bxa4
27. bxa4 Kc6 28. Bd2 Ne7 29. Kc3 Nc8 30. Kb3 Nb6 31. Bf4 Be7 32. Be5 g5 33. g4
Nc4 34. Bg3 Nd2+ 35. Kc2 Ne4 36. f3 Nf6 37. h4 h6 38. hxg5 hxg5 39. Be1 Nd7 0-1

[Event "35t. Copenhagen Open (Politiken Cup)"]
[Site "Elsinore"]
[Date "2013.08.03"]
[Round "9"]
[White "Jensen, Soren Holm"]
[Black "Bjornes, Leif"]
[Result "1/2-1/2"]
[WhiteElo "2004"]
[BlackElo "1918"]
[PlyCount "36"]
[EventDate "2013.07.27"]
[EventType "swiss"]
[EventRounds "10"]
[EventCountry "DEN"]
[Source "ChessBase"]
[SourceDate "2013.08.26"]

1. e4 c6 2. d4 d5 3. Nc3 dxe4 4. Nxe4 Nf6 5. Nxf6+ gxf6 6. c3 Bf5 7. Nf3 e6 8.
g3 Qd5 9. Bg2 Be4 10. O-O Nd7 11. Re1 f5 12. Nh4 Bxg2 13. Nxg2 Nf6 14. Bf4 Qd7
15. Be5 Be7 16. Qf3 O-O-O 17. Bxf6 Bxf6 18. Nf4 Kb8 1/2-1/2

[Event "35t. Copenhagen Open (Politiken Cup)"]
[Site "Elsinore"]
[Date "2013.08.03"]
[Round "9"]
[White "Johansen, Stian"]
[Black "Garberg, Tore"]
[Result "0-1"]
[WhiteElo "2085"]
[BlackElo "1914"]
[PlyCount "62"]
[EventDate "2013.07.27"]
[EventType "swiss"]
[EventRounds "10"]
[EventCountry "DEN"]
[Source "ChessBase"]
[SourceDate "2013.08.26"]

1. a3 d5 2. g3 e5 3. Bg2 c5 4. c4 d4 5. d3 Nf6 6. Bg5 h6 7. Bxf6 Qxf6 8. Nd2
Qb6 9. Ngf3 Nc6 10. O-O Be7 11. b4 cxb4 12. axb4 Bxb4 13. Qa4 O-O 14. Rfb1 a5
15. Qb5 Qc7 16. Ne4 Rb8 17. Nc5 Na7 18. Rxb4 Nxb5 19. Rxb5 b6 20. Ne4 f6 21. c5
Bd7 22. cxb6 Rxb6 23. Rd5 Rb5 24. Rxb5 Bxb5 25. Nh4 a4 26. Bh3 Bd7 27. Nf5 Kh7
28. g4 g6 29. Nfg3 f5 30. Nd2 Qc3 31. Ra2 Be6 0-1

[Event "35t. Copenhagen Open (Politiken Cup)"]
[Site "Elsinore"]
[Date "2013.08.03"]
[Round "9"]
[White "Johansson, Alexander"]
[Black "Henriksen, Geir Ivar"]
[Result "0-1"]
[WhiteElo "2022"]
[BlackElo "2215"]
[PlyCount "60"]
[EventDate "2013.07.27"]
[EventType "swiss"]
[EventRounds "10"]
[EventCountry "DEN"]
[Source "ChessBase"]
[SourceDate "2013.08.26"]

1. d4 Nf6 2. Nc3 d5 3. Bg5 Bf5 4. f3 Nbd7 5. Qd2 c6 6. e4 dxe4 7. Qf4 Qa5 8.
O-O-O exf3 9. d5 e6 10. Nxf3 Bb4 11. Bxf6 Nxf6 12. Nd4 Bxc3 13. Nxf5 Nxd5 14.
Nd6+ Ke7 15. Qg3 Bf6 16. Bc4 Qb4 17. Bxd5 Bxb2+ 18. Kb1 Be5+ 19. Qb3 Qxb3+ 20.
Bxb3 Bxd6 21. Rd3 Rad8 22. g3 Be5 23. Re3 Bf6 24. h4 Rd6 25. g4 h6 26. Rg3 Rhd8
27. Rgg1 Bc3 28. a3 b5 29. Ka2 a5 30. Rh3 Bd4 0-1

[Event "35t. Copenhagen Open (Politiken Cup)"]
[Site "Elsinore"]
[Date "2013.08.03"]
[Round "9"]
[White "Jorgensen, Dennis"]
[Black "Andersen, Soren P"]
[Result "1-0"]
[WhiteElo "2245"]
[BlackElo "2115"]
[PlyCount "93"]
[EventDate "2013.07.27"]
[EventType "swiss"]
[EventRounds "10"]
[EventCountry "DEN"]
[Source "ChessBase"]
[SourceDate "2013.08.26"]

1. d4 d5 2. c4 c6 3. Nf3 Nf6 4. e3 Bf5 5. Nc3 e6 6. Nh4 Bg6 7. Qb3 Qb6 8. Nxg6
hxg6 9. Be2 Nbd7 10. Bd2 Be7 11. Qc2 Rc8 12. Rc1 Qc7 13. h3 g5 14. cxd5 cxd5
15. Qb1 Qb8 16. g4 Nb6 17. Bb5+ Kf8 18. Ke2 Nc4 19. Bxc4 Rxc4 20. Kf3 b5 21.
Kg2 g6 22. Qd3 Kg7 23. b3 Rc6 24. Qxb5 Rb6 25. Qd3 Ba3 26. Rc2 Rc6 27. Bc1 Bb4
28. Na4 Rxc2 29. Qxc2 Ne4 30. Bb2 Rc8 31. Qd3 f5 32. Nc5 Bxc5 33. dxc5+ Kf7 34.
Qd4 Rg8 35. b4 Qb5 36. Re1 Qa4 37. Re2 Qb5 38. Rc2 Qa4 39. Re2 Qb5 40. Re1 Qa4
41. c6 Qc2 42. Qxa7+ Kf8 43. Qb8+ Kf7 44. Qc7+ Kf8 45. Qd8+ Kf7 46. Qd7+ Kf8
47. Rf1 1-0